000 00325nam a22001577a 4500
003 SGT
020 _a9788194857082
082 _a617.643
_bC22K
100 _aKharbanda, O. P.
245 _aCleft Orthodontics
250 _a1st Ed.
260 _bThieme
_c2022
300 _a496
650 _aOrthodontics
942 _2ddc
_cBK
999 _c32860
_d32860